• 首页
  • 本馆介绍
  • 公告通知
  • 最新文献
  • 馆藏检索
  • 电子资源
  • 读者导购
  • 参考咨询
  • 我的图书馆
  • 登录
  • 详细信息显示
  • 放入我的书架
  • 预约/预借图书
  • 作者相关作品
  • 分类相关作品
  • 丛书相关作品
  • 出版社相关作品

书目信息

  • 表格格式
  • 工作单格式
  • 卡片格式
题名:
跟着电影去旅行
    
 
作者: 张狂 编著
分册:  
出版信息: 北京   中国画报出版公司  2004.01
页数: 304页
开本: 23cm
丛书名:
单 册:
中图分类: J905.1
科图分类:
主题词: 电影 , 电视--艺术
电子资源:
ISBN: 7-80024-772-4
000 00614nam0 2200217 450
001 0754819741
005 20070911083037.00
010    @a7-80024-772-4@dCNY39.60
100    @a20070910d2004 km y0chiy0120 ea
101 0  @achi
102    @aCN@b110000
200 1  @a跟着电影去旅行@Agen zhuo dian ying qu lu xing@e世界卷@f张狂编著@Fzhang kuang bian zhu
210    @a北京@c中国画报出版公司@d2004.01
215    @a304页@d23cm
517 1  @a世界卷@Ashi jie juan
606 0  @a电影
606 0  @a电视@x艺术
690    @aJ905.1@v4
701  0 @a张狂@Azhang kuang@4编著
801  0 @aCN@bPFT@c20070911
905    @aBZT@dJ905.1@e12
    
    跟着电影去旅行:世界卷/张狂编著.-北京:中国画报出版公司,2004.01
    304页;23cm
    
    
    ISBN 7-80024-772-4:CNY39.60
    
●
相关链接 在五车中查询图书 在当当中查询图书 在豆瓣中查询图书


正题名:跟着电影去旅行     索取号:J905.1/12         预约/预借

序号 登录号 条形码 馆藏地/架位号 状态 备注
1 575384   230084061   中心书库中库/ 中库021架B面4列3层15/ [索取号:J905.1/12] 在馆    
2 575385   230084062   中心书库中库/ 中库021架B面4列3层16/ [索取号:J905.1/12] 在馆    
3 575386   230084064   中心书库中库/ 中库021架B面4列3层19/ [索取号:J905.1/12] 在馆    
4 575387   230084063   中心书库中库/ 中库021架B面4列3层11/ [索取号:J905.1/12] 在馆    
5 575388   230084066   中心书库中库/ 中库021架B面4列3层14/ [索取号:J905.1/12] 在馆    
6 575389   230084065   中心书库中库/ 中库021架B面4列3层12/ [索取号:J905.1/12] 在馆    
7 575390   230084067   中心书库中库/ 中库021架B面4列3层13/ [索取号:J905.1/12] 在馆    
8 575391   230084068   中心书库中库/ 中库021架B面4列3层18/ [索取号:J905.1/12] 在馆    
9 575392   230084070   中心书库中库/ 中库021架B面4列3层20/ [索取号:J905.1/12] 在馆    
10 575393   230084069   中心书库中库/ 中库021架B面4列3层17/ [索取号:J905.1/12] 在馆    
山东省滨州职业学院图书馆 欢迎您!
大连网信软件有限公司© 版权所有